[Event "International Championship of Central Se"]
[Site "Paracin, hotel "]
[Date "2012.07.13"]
[Round "9.39"]
[White "Hadzi - Manev, Ljubomir"]
[Black "Katic, Goran"]
[Result "1/2-1/2"]
[WhiteElo "2089"]
[BlackElo "1989"]
[PlyCount "85"]
[EventDate "2012.07.06"]

1. d4 Nf6 2. Nf3 e6 3. Bf4 b6 4. e3 Bb7 5. Nbd2 Be7 6. h3 O-O 7. Bd3 d5 8. c3
Nbd7 9. Ne5 Re8 10. g4 Nxe5 11. Bxe5 Nd7 12. Qc2 Nf8 13. h4 f6 14. Bg3 Bd6 15.
O-O-O c5 16. g5 Bxg3 17. fxg3 c4 18. Bf1 fxg5 19. Bh3 gxh4 20. gxh4 Qf6 21.
Rdf1 Qh6 22. Rf3 e5 23. Qf5 Qg6 24. Rhf1 Qxf5 25. Bxf5 e4 26. Rf4 Re7 27. R1f2
Bc8 28. Nf1 g6 29. Bxc8 Rxc8 30. Nh2 h5 31. Rf6 Rce8 32. b3 cxb3 33. axb3 Kg7
34. Rc6 Nh7 35. c4 dxc4 36. bxc4 Rf8 37. Rxf8 Nxf8 38. Nf1 Ne6 39. Nd2 Nd8 40.
Rc8 Nf7 41. Rc6 Nd8 42. Rc8 Nf7 43. Rc6 1/2-1/2

[Event "International Championship of Central Se"]
[Site "Paracin, hotel "]
[Date "2012.07.13"]
[Round "9.40"]
[White "Jandric, Damjan"]
[Black "Debevec, Blaz"]
[Result "1/2-1/2"]
[WhiteElo "2010"]
[BlackElo "2083"]
[PlyCount "149"]
[EventDate "2012.07.06"]

1. e4 Nf6 2. e5 Nd5 3. d4 d6 4. Nf3 g6 5. Bc4 Nb6 6. Bb3 Bg7 7. Qe2 d5 8. a4 a5
9. h3 Nc6 10. O-O O-O 11. Re1 f6 12. exf6 exf6 13. Bf4 Bf5 14. Na3 Qd7 15. Nb5
Rfe8 16. Qd2 Rxe1+ 17. Rxe1 Rc8 18. Qe2 g5 19. Bh2 Bg6 20. Qe6+ Qxe6 21. Rxe6
Bf7 22. Re2 Na8 23. c3 Bf8 24. Nd2 Ne7 25. Nf1 Ng6 26. Ne3 c6 27. Nd6 Bxd6 28.
Bxd6 Rd8 29. Bg3 Be6 30. Ng4 Bxg4 31. hxg4 Kf7 32. Bc2 Re8 33. Rxe8 Kxe8 34.
Bf5 Kd8 35. Bd6 Nb6 36. b3 Nc8 37. Ba3 Nce7 38. Bc2 b6 39. g3 h6 40. f3 Kd7 41.
Kf2 Nf8 42. f4 Ne6 43. Ke3 Nd8 44. c4 dxc4 45. bxc4 Nf7 46. Bd3 Nd6 47. Bb2 Nb7
48. fxg5 hxg5 49. Kd2 Ke6 50. Ba3 c5 51. d5+ Kf7 52. Bb2 Nd6 53. Ke3 Nec8 54.
Be2 Ke7 55. Bd3 Nf7 56. Be2 Ncd6 57. Bc3 Nh6 58. Bd2 Kf7 59. Bc3 Ke7 60. Bd2
Nhf7 61. Bc3 Ne5 62. Bxe5 fxe5 63. Bf1 Kf6 64. Be2 e4 65. Bf1 Ke5 66. Be2 Ne8
67. Bd1 Nf6 68. Be2 Nd7 69. Bd1 Nb8 70. Bc2 Na6 71. Bxe4 Nc7 72. Bf5 Ne8 73.
Bd3 Nd6 74. Be2 Ne4 75. Bd1 1/2-1/2

[Event "International Championship of Central Se"]
[Site "Paracin, hotel "]
[Date "2012.07.13"]
[Round "9.42"]
[White "Filipovic, Tomislav S"]
[Black "Stojkovska, Monika"]
[Result "0-1"]
[WhiteElo "1865"]
[BlackElo "1909"]
[Annotator "Milojevic,Boban"]
[PlyCount "172"]
[EventDate "2012.07.06"]

1. d4 Nf6 2. c4 e6 3. Nc3 Bb4 4. a3 Bxc3+ 5. bxc3 O-O 6. Qc2 c5 7. e4 d6 8. Bd3
e5 9. d5 Nh5 10. g3 Qf6 11. Be2 Qg6 12. Nf3 Nf6 13. Bd3 Qh5 14. Nh4 g5 15. Nf5
Bxf5 16. exf5 Qf3 17. Rg1 e4 18. Be2 Qxf5 19. g4 Qe5 20. Rg3 Nbd7 21. Be3 h6
22. Qd2 Kg7 23. h4 Kg6 24. Rh3 Rh8 25. Qc2 b5 26. cxb5 Nxd5 27. Rc1 N7f6 28. c4
Nf4 29. h5+ Kg7 30. Rg3 Rhe8 31. Qc3 Nd7 32. Kf1 Qxc3 33. Rxc3 Nxe2 34. Kxe2
Ne5 35. Bd2 Nf3 36. Bc1 f5 37. gxf5 Rf8 38. Bb2 Nd4+ 39. Ke1 Rxf5 40. Rce3 Rf4
41. f3 Re8 42. Kd1 Kf7 43. Rxe4 Rexe4 44. fxe4 Rxe4 45. Rg2 Nf5 46. Rf2 Ke6 47.
Re2 Rxe2 48. Kxe2 Ng3+ 49. Kf3 Nxh5 50. a4 Nf4 51. a5 Kd7 52. Bg7 h5 53. Bf6
Ne6 54. Bc3 Kc7 55. Be1 d5 56. Bg3+ Kb7 57. cxd5 Nd4+ 58. Ke4 Nxb5 59. Kf5 Kc8
60. Kxg5 Nc3 61. Kxh5 Nxd5 62. Bf2 Nf4+ 63. Kg4 Nd3 64. Bg1 Kc7 65. Kf5 Kc6 66.
Ke4 Nb4 67. Ke5 Kb5 68. Be3 a6 69. Bf2 c4 70. Be1 Kxa5 71. Kd4 Kb5 72. Kc3 Nd5+
73. Kd4 Nb6 74. Kc3 Na4+ 75. Kc2 a5 76. Bd2 Nc5 77. Bc3 Ne4 78. Be1 Nd6 79. Bc3
Kb6 80. Bd4+ Kc6 81. Bc3 a4 82. Bg7 Nb5 83. Bf8 Kd5 84. Bg7 Ke4 85. Bf6 Kd5 86.
Bg7 Kc5 {... necitko} 0-1